|
|
|
|
| LEADER |
00718nam a22001932a 4500 |
| 001 |
000192715 |
| 003 |
CZ BrMZK |
| 005 |
20030722093108.0 |
| 008 |
010907s1980 xr f cze d |
| 040 |
|
|
|a BOA001
|b cze
|
| 100 |
1 |
|
|a Frömel, Karel,
|d 1941-
|7 jn20000400731
|
| 245 |
1 |
0 |
|a Programový učební postup nízkého startu /
|c Karel Frömel, Radko Zavřel.
|
| 260 |
|
|
|a Olomouc :
|b Krajský pedagogický ústav,
|c 1980
|
| 300 |
|
|
|a 11 s.
|
| 700 |
1 |
|
|a Zavřel, Radko,
|d 1933-
|7 kup19930000113916
|
| 910 |
|
|
|a BOA001
|b PK-0089.061
|
| 964 |
|
|
|a Start nízký - metodiky - postupy programované - školy střední
|
| 990 |
|
|
|a BK
|
| 996 |
7 |
|
|b 3119948704
|c PK-0089.061
|l MZK
|r Sklad / do 1 hodiny
|n 3
|w 000192715
|u 000010
|a 1
|e BOA001
|j MZK50
|s A
|